000 00459nam a2200181Ia 4500
008 240729s9999 xx 000 0 und d
022 _a2703-3090
245 0 _aMegataxa
260 _aNew Zealand
260 _bMagnolia Press
650 _a Biology (General) | Science
650 _a Botany
650 _a Zoology | Science
650 _aScience
856 _uhttps://doaj.org/toc/477149ead5a247869600a53a8cfcff87
942 _2ddc
942 _cDOAJEJ
999 _c70108
_d70108
945 _a1
_bMadushi Gamage
_c1
_dMadushi Gamage